Acing the security+ certification exam / (رقم التسجيلة. 3718)

تفاصيل مارك
000 -الفاتح
حقل البيانات ثابتة الطول 01008cam a22002774a 4500
001 - رقم الضبط
رقم الضبط 13357319
003 - محدد رقم الضبط
رقم الضبط OSt
005 - وقت وتاريخ اخر تعامل مع التسجيلة
رقم الضبط 20150408113749.0
008 - عناصر البيانات ثابتة الطول - معلومات عامة
حقل البيانات ثابتة الطول 030930s2005 njua 001 0 eng
010 ## - رقم ضبط مكتبة الكونجرس
رقم ضبط مكتبة الكونجرس 2003066395
020 ## - الرقم الدولى المعيارى للكتب
الرقم الدولى المعيارى للكتاب 0131121642 (pbk.)
040 ## - مصدر الفهرسة
وكالة الفهرسة الأصلية DLC
وكالة النسخ DLC
وكالة التعديل DLC
042 ## - رمز التحقق
رمز التحقق pcc
050 00 - رقم طلب مكتبة الكونجرس
رقم التصنيف QA76.3
رقم المادة .R455 2005
082 00 - رقم تصنيف ديوى العشرى
رقم التصنيف 005.8
رقم الطبعة 220
100 1# - المدخل الرئيسى - إسم شخصى
الإسم الشخصى Regan, Patrick E.
9 (RLIN) 8451
245 10 - بيان العنوان
العنوان Acing the security+ certification exam /
بيان المسئوليه,etc Patrick Regan.
250 ## - بيان الطبعة
بيان الطبعة 1st ed.
260 ## - PUBLICATION, DISTRIBUTION, ETC. (IMPRINT)
مكان الناشر او الموزع Upper Saddle River, NJ :
اسم الناشر او الموزع Pearson Prentice Hall,
تاريخ النشر أو التوزيع c2005.
300 ## - الوصف المادى
التعداد xix, 490 p. :
تفاصيل ماديه اخرى للوعاء ill. ;
أبعاد الوعاء 28 cm. +
المادة المصاحبة 1 CD-ROM (4 3/4 in.)
650 #0 - المدخل الاضافى بالموضوع-مصطلح موضوعى
مصطلح موضوعي أو اسم جغرافي كعنصر مدخل Electronic data processing personnel
التقسيم الفرعي العام Certification.
650 #0 - المدخل الاضافى بالموضوع-مصطلح موضوعى
مصطلح موضوعي أو اسم جغرافي كعنصر مدخل Computer networks
التقسيم الفرعي العام Security measures
-- Examinations
التقسيم الفرعي الشكلي Study guides.
9 (RLIN) 8452
650 #0 - المدخل الاضافى بالموضوع-مصطلح موضوعى
مصطلح موضوعي أو اسم جغرافي كعنصر مدخل Computer security
التقسيم الفرعي العام Examinations
التقسيم الفرعي الشكلي Study guides.
9 (RLIN) 8453
942 ## - عناصر المدخل الإضافي( كوها)
مصدر التصنيف او مخطط الترفيف Dewey Decimal Classification
Koha [default] item type كتاب
المقتنيات
حالة الفقد نموذج السعر الفعال حالة تلف ليس للاعارة رقم الطلب تاريخ الاكتساب الموقع الحالي الباركود الفرع الرئيسي Date last checked out Date last seen نوع المادة فى نظام كوها مصدر التصنيف او خطة الترفيف Total Checkouts
  2013-03-10     005.8 R P A 2011-12-14 مكتبة كلية التربية بالزلفى - طالبات (EZF) 00012364 مكتبة مجمع الكليات بالزلفى - طلاب (SZM) 2018-02-08 2018-02-21 كتاب Dewey Decimal Classification 1
  2013-03-10     005.8 R P A 2011-12-14 مكتبة مجمع الكليات بالزلفى - طلاب (SZM) 00012365 مكتبة مجمع الكليات بالزلفى - طلاب (SZM)   2013-03-10 كتاب Dewey Decimal Classification  
  2013-03-10     005.8 R P A 2011-12-14 مكتبة مجمع الكليات بالزلفى - طلاب (SZM) 00012366 مكتبة مجمع الكليات بالزلفى - طلاب (SZM)   2013-03-10 كتاب Dewey Decimal Classification